000 01114cam a2200313 4500
008 040212n2004 000 0 eng u
020 _a0471219037
035 _a(Sirsi) u125136
041 _aeng
050 _a690
_c18
100 _aAllen, E.
245 _aFundamentals of building construction
_bmaterials and methods
250 _a4th ed.
260 _aNew Jersey
_bWiley
_c2004
300 _axii, 900p.
_c29cm.
350 _a43.37
520 _aThis North American students' text covers the complete range of construction activities using the new International Building Code as its basis. It is organised around detailed treatments of the structural systems most commonly used in North America. Accompanied by "Exercises in building construction (ISBN 0471459690)
650 _aUNITED STATES
650 _aBUILT ENVIRONMENT-BUILDING ELEMENTS-COMPLETE BUILDING ELEMENTS-FOUNDATIONS
650 _aTIMBER
650 _aMASONRY
650 _aCONCRETE
650 _aGLASS
650 _aCLADDING
650 _aINTERIORS
690 _aBUILT ENVIRONMENT
700 _aIano, J.
942 _n0
999 _c103352
_d103352